[Event "EU-ch U18 Girls 18th"]
[Site "Herceg Novi MNE"]
[Date "2008.09.19"]
[EventDate "2008.09.15"]
[Round "5.13"]
[Result "0-1"]
[White "Marianna Chierici"]
[Black "Inna Agrest"]
[WhiteElo "2037"]
[BlackElo "2206"]
[PlyCount "100"]

1. Nf3 Nf6 2. c4 g6 3. g3 d6 4. Bg2 Bg7 5. O-O O-O 6. Nc3 e5
7. d3 Nc6 8. Rb1 a5 9. a3 Nh5 10. e4 Nd4 11. Nxd4 exd4 12. Ne2
c6 13. Qc2 Be6 14. b4 axb4 15. axb4 d5 16. exd5 cxd5 17. c5
Bg4 18. f3 Bd7 19. Bb2 Qe7 20. Rfe1 Qe3+ 21. Kf1 Ba4 22. Qc1
Qxd3 23. g4 Nf6 24. Bxd4 Rfe8 25. Qb2 Ra6 26. Qc3 Bc2 27. Bxf6
Bxf6 28. Qxd3 Bxd3 29. Rbd1 Bc4 30. f4 Bh4 31. Bxd5 Bxd5
32. Rxd5 Bxe1 33. Kxe1 Re4 34. Rd4 Re7 35. Rd2 Ra1+ 36. Rd1
Rxd1+ 37. Kxd1 Re4 38. b5 Rc4 39. c6 bxc6 40. bxc6 Rxc6
41. Ke1 Kf8 42. Kf2 Ke7 43. Ke3 Kd6 44. Ke4 Rc2 45. Kd3 Ra2
46. Ke3 Ra3+ 47. Kf2 Kd5 48. Ng3 Ra2+ 49. Kg1 Kd4 50. f5 Ke3
0-1

[Event "EU-ch U18 Girls 18th"]
[Site "Herceg Novi MNE"]
[Date "2008.09.21"]
[EventDate "2008.09.15"]
[Round "6.6"]
[Result "1-0"]
[White "Inna Agrest"]
[Black "Anna Manyoki"]
[WhiteElo "2206"]
[BlackElo "2053"]
[PlyCount "95"]

1. e4 e5 2. Nf3 Nc6 3. Bb5 a6 4. Ba4 Nf6 5. O-O Be7 6. Re1 b5
7. Bb3 O-O 8. c3 d5 9. d4 exd4 10. e5 Ne4 11. cxd4 Bg4 12. Nc3
Nxc3 13. bxc3 f6 14. h3 Bh5 15. g4 Be8 16. e6 f5 17. Ne5 Bh4
18. Nd3 Bg6 19. Nf4 Ne7 20. Ng2 Bxf2+ 21. Kxf2 fxg4+ 22. Kg1
gxh3 23. Nf4 Qd6 24. Qg4 Bf5 25. Qg3 Rf6 26. Kh2 Be4 27. Rg1
Nf5 28. Qf2 Bg2 29. Rxg2 hxg2 30. Bxd5 c6 31. Bb3 g5 32. Qxg2
Kh8 33. Qxg5 Qe7 34. Nh5 Rh6 35. Bd1 Qxe6 36. Bg4 Qe1 37. Bf4
Qf2+ 38. Kh1 Rg6 39. Be5+ Kg8 40. Qxf5 Qh4+ 41. Bh3 Rf8
42. Nf6+ Rfxf6 43. Bxf6 Rxf6 44. Rg1+ Kf7 45. Qd7+ Kf8
46. Qd8+ Kf7 47. Qg8+ Ke7 48. Rg7+ 1-0

[Event "EU-ch U18 Girls 18th"]
[Site "Herceg Novi MNE"]
[Date "2008.09.23"]
[EventDate "2008.09.15"]
[Round "8.8"]
[Result "1-0"]
[White "Inna Agrest"]
[Black "Varduhi Kalashyan"]
[WhiteElo "2206"]
[BlackElo "2049"]
[PlyCount "71"]

1. e4 c5 2. Nf3 d6 3. d4 cxd4 4. Nxd4 Nf6 5. Nc3 a6 6. Bg5 e6
7. f4 Nbd7 8. Qf3 Qc7 9. O-O-O b5 10. Bd3 Qb6 11. e5 Bb7
12. Qe2 Nd5 13. Nxe6 Nxc3 14. bxc3 dxe5 15. Nxf8 Kxf8 16. Bf5
Nc5 17. fxe5 Re8 18. Qd2 Ne4 19. Bxe4 Bxe4 20. Qd6+ Qxd6
21. exd6 f6 22. d7 Rd8 23. Be3 Kf7 24. Bb6 Ke6 25. Rhe1 f5
26. Bxd8 Rxd8 27. g4 g6 28. gxf5+ gxf5 29. Rg1 h5 30. Rg6+ Ke7
31. Rxa6 Rxd7 32. Rxd7+ Kxd7 33. Rh6 Bf3 34. Kd2 Kc7 35. Ke3
Bd1 36. Kf4 1-0

[Event "EU-ch U18 Girls 18th"]
[Site "Herceg Novi MNE"]
[Date "2008.09.24"]
[EventDate "2008.09.15"]
[Round "9.6"]
[Result "1-0"]
[White "Teodora Traistaru"]
[Black "Inna Agrest"]
[WhiteElo "2162"]
[BlackElo "2206"]
[PlyCount "131"]

1. e4 e5 2. Nf3 Nc6 3. Bb5 a6 4. Ba4 Nf6 5. O-O b5 6. Bb3 Bc5
7. c3 d6 8. d4 Bb6 9. a4 Rb8 10. a5 Ba7 11. h3 O-O 12. Be3 b4
13. dxe5 Bxe3 14. exf6 Bh6 15. Bd5 Nxa5 16. fxg7 Bxg7 17. Rxa5
c6 18. Bxf7+ Rxf7 19. Rh5 Bf6 20. e5 dxe5 21. Qxd8+ Bxd8
22. Nxe5 Rf6 23. Nd3 bxc3 24. Nxc3 Bf5 25. Rg5+ Kf8 26. Rg3
Bc7 27. Rf3 Rf7 28. Na4 Bd6 29. Rc1 Be4 30. Rxf7+ Kxf7
31. Ndc5 Bd5 32. Nxa6 Rg8 33. g3 Ra8 34. N6c5 Rb8 35. Nd3 Be4
36. Nac5 Bd5 37. Nd7 Rb3 38. Rc3 Rb7 39. N7e5+ Bxe5 40. Nxe5+
Ke6 41. Nxc6 Rxb2 42. Rc1 Kd6 43. Nd4 Ke5 44. Nc2 Bb7 45. Ne3
Ra2 46. Re1 Kf6 47. Ng2 Rc2 48. Rb1 Ba8 49. g4 Ra2 50. Rb5 Kg7
51. Rb3 Kf6 52. f3 Bd5 53. Rc3 Ke5 54. f4+ Kd4 55. Rg3 Ra1+
56. Kh2 Ra2 57. h4 Ra4 58. h5 Be4 59. g5 Ra5 60. Nh4 Ra1
61. Kh3 Rf1 62. Kg4 Bc6 63. Nf5+ Kc5 64. g6 hxg6 65. hxg6 Bd5
66. Ne3 1-0

[Event "Girls 18-wycc"]
[Site "Vung Tau city"]
[Date "2008.10.20"]
[EventDate "2008.10.20"]
[Round "1.7"]
[Result "0-1"]
[White "Inna Agrest"]
[Black "Line Jin Jorgensen"]
[WhiteElo "2215"]
[BlackElo "1946"]
[PlyCount "92"]

1. e4 e5 2. Nf3 Nc6 3. Bb5 Nf6 4. O-O a6 5. Ba4 b5 6. Bb3 Be7
7. Re1 d6 8. c3 Na5 9. Bc2 c5 10. h3 O-O 11. d4 Qc7 12. Nbd2
Bb7 13. Nf1 Rac8 14. d5 Rfe8 15. a4 Ba8 16. Qe2 Rb8 17. Ne3 g6
18. Nd2 c4 19. axb5 axb5 20. g3 Nb7 21. b3 cxb3 22. Nxb3 Qxc3
23. Bd2 Qc8 24. Kh2 Nc5 25. Rec1 Qd7 26. Nd1 Nfxe4 27. Nxc5
Nxc5 28. Ne3 f5 29. Qf3 Rf8 30. Qg2 b4 31. Rg1 e4 32. f3 b3
33. Bb1 Bf6 34. Ra5 b2 35. fxe4 Nxe4 36. Bxe4 fxe4 37. Qxe4
Bd8 38. Ng4 Bxa5 39. Bxa5 Qg7 40. Bd2 Rbe8 41. Qd3 h5 42. Ne3
Rf3 43. h4 Qf7 44. Rb1 Bxd5 45. Rxb2 Rf2+ 46. Kg1 Rxe3 0-1

[Event "Girls 18-wycc"]
[Site "Vung Tau city"]
[Date "2008.10.21"]
[EventDate "2008.10.20"]
[Round "2.16"]
[Result "0-1"]
[White "Thilagini Anandajeyarajah"]
[Black "Inna Agrest"]
[WhiteElo "1735"]
[BlackElo "2215"]
[PlyCount "168"]

1. e4 e5 2. Nf3 Nc6 3. Nc3 Nf6 4. d4 exd4 5. Nxd4 Bb4 6. Nxc6
bxc6 7. Bd3 d5 8. exd5 cxd5 9. O-O O-O 10. Bg5 c6 11. Qf3 Be7
12. Rfe1 Re8 13. h3 Be6 14. Ne2 Rb8 15. b3 h6 16. Bf4 Rb6
17. Nd4 Qd7 18. Be5 c5 19. Nxe6 fxe6 20. Rad1 Rf8 21. Qg3 Bd6
22. Bg6 Bxe5 23. Rxe5 Qe7 24. Rde1 Qd7 25. c3 a5 26. Qd3 d4
27. cxd4 cxd4 28. Qe2 Nd5 29. g3 Rf6 30. Qh5 Rb8 31. Be4 Nc3
32. Bd3 Qf7 33. Qxf7+ Kxf7 34. Rxa5 Rd8 35. Kg2 Rd7 36. f4 Nd5
37. a3 Rc7 38. Ra4 Ne3+ 39. Kf3 e5 40. Ke4 exf4 41. gxf4 Nf5
42. Kf3 Rc3 43. Rd1 Re6 44. Kf2 Ne3 45. Rd2 Rxb3 46. Rxd4 Rxa3
47. Re2 Nd1+ 48. Ke1 Rxe2+ 49. Kxe2 Nb2 50. Bf5 Na4 51. Rd6
Nc3+ 52. Kd2 Nb5 53. Bg6+ Ke7 54. Rb6 Nd6 55. Bd3 Ra2+ 56. Kc3
Rh2 57. Bf1 Rf2 58. Bd3 Rxf4 59. Rb4 Rxb4 60. Kxb4 Ke6 61. Kc5
Ke5 62. Bg6 Ne4+ 63. Kc6 Ng5 64. h4 Nf3 65. h5 Kf6 66. Kd6 Nh4
67. Be8 Nf5+ 68. Kd5 Ng3 69. Kd4 Kg5 70. Ke3 Nxh5 71. Kf3 Nf6
72. Bc6 h5 73. Kg3 Kf5 74. Kh3 Kf4 75. Kg2 g5 76. Kh2 g4
77. Bg2 h4 78. Bf1 Nd5 79. Bg2 Ne3 80. Ba8 Nf1+ 81. Kg2 Nd2
82. Kh2 Nf3+ 83. Kg2 h3+ 84. Kh1 g3 0-1

[Event "Girls 18-wycc"]
[Site "Vung Tau city"]
[Date "2008.10.22"]
[EventDate "2008.10.20"]
[Round "3.11"]
[Result "1-0"]
[White "Inna Agrest"]
[Black "Diana Mnatsakanyan"]
[WhiteElo "2215"]
[BlackElo "1971"]
[PlyCount "103"]

1. e4 d5 2. exd5 Nf6 3. d4 Bg4 4. f3 Bf5 5. Bb5+ Nbd7 6. c4 a6
7. Bxd7+ Qxd7 8. Nc3 e6 9. dxe6 Qxe6+ 10. Qe2 O-O-O 11. Qxe6+
Bxe6 12. d5 Bf5 13. Be3 Bb4 14. O-O-O Nd7 15. Bd4 Bc5 16. Nge2
Rhe8 17. Ng3 Bg6 18. Nge4 Bxd4 19. Rxd4 f5 20. Ng5 Nc5 21. b4
Ne6 22. Nxe6 Rxe6 23. Rd2 Re3 24. Nd1 Re5 25. Nf2 Rde8 26. Nd3
Re3 27. h4 Bf7 28. Nf4 h6 29. h5 Kd7 30. Rhd1 Rc3+ 31. Rc2
Rxc2+ 32. Kxc2 c6 33. Kc3 cxd5 34. Nxd5 Kc6 35. Nf4 Re3+
36. Kd4 Ra3 37. Rd2 b5 38. Ng6 Bxg6 39. hxg6 bxc4 40. Kxc4 Re3
41. a4 Re6 42. b5+ Kb6 43. a5+ Kc7 44. b6+ Kc6 45. b7 Kxb7
46. Rd7+ Kc6 47. Rxg7 Re2 48. Ra7 Rc2+ 49. Kd4 Rxg2 50. Ke5 h5
51. Kxf5 h4 52. Rh7 1-0

[Event "Girls 18-wycc"]
[Site "Vung Tau city"]
[Date "2008.10.22"]
[EventDate "2008.10.20"]
[Round "4.5"]
[Result "0-1"]
[White "Emma Richard"]
[Black "Inna Agrest"]
[WhiteElo "2082"]
[BlackElo "2215"]
[PlyCount "91"]

1. e4 e5 2. Nf3 Nc6 3. Bb5 f5 4. d3 fxe4 5. dxe4 Nf6 6. O-O
Bc5 7. Qd3 d6 8. Qc4 Qe7 9. Nc3 Bd7 10. Nd5 Nxd5 11. exd5 Nd4
12. Bxd7+ Qxd7 13. Nxd4 Bxd4 14. a4 a6 15. Be3 Bxe3 16. fxe3
O-O-O 17. Rf2 Rhf8 18. Raf1 Qe7 19. Qg4+ Kb8 20. b3 g6 21. c3
Qg7 22. Qh4 Rde8 23. b4 Rxf2 24. Rxf2 Rf8 25. c4 Rxf2 26. Kxf2
Qd7 27. a5 Qf5+ 28. Ke2 Qc2+ 29. Kf3 Qd1+ 30. Ke4 Qf1 31. Qd8+
Ka7 32. Qd7 Qxc4+ 33. Kf3 Qxd5+ 34. Kg3 Qe4 35. Qxc7 Qxe3+
36. Kh4 Qf4+ 37. g4 Qxh2+ 38. Kg5 Qf4+ 39. Kh4 Qxb4 40. Qxh7
Qe4 41. Kg5 Qe3+ 42. Kf6 Qf4+ 43. Ke7 Qxg4 44. Kxd6 Qb4+
45. Kxe5 Qxa5+ 46. Kf6 0-1

[Event "Girls 18-wycc"]
[Site "Vung Tau city"]
[Date "2008.10.23"]
[EventDate "2008.10.20"]
[Round "5.4"]
[Result "1/2-1/2"]
[White "Inna Agrest"]
[Black "Bich Ngoc Pham"]
[WhiteElo "2215"]
[BlackElo "2090"]
[PlyCount "88"]

1. e4 c5 2. Nf3 Nc6 3. d4 cxd4 4. Nxd4 g6 5. c4 Bg7 6. Nc2 d6
7. Be2 Qb6 8. Nc3 Bxc3+ 9. bxc3 Nf6 10. f3 Be6 11. Nd4 Bd7
12. Be3 Qd8 13. Bh6 Rg8 14. Bg5 Nh5 15. O-O Qa5 16. Qd2 f6
17. Be3 g5 18. Rab1 Nxd4 19. cxd4 Qxd2 20. Bxd2 b6 21. g3 Ng7
22. Bc3 Rc8 23. Rfc1 h5 24. a4 Bxa4 25. Ra1 Bb3 26. Bb2 a5
27. d5 Kf7 28. Kf2 Rc7 29. Bd4 Rb8 30. h3 e5 31. Be3 Rcb7
32. f4 Kg6 33. Bd2 Rc7 34. Be3 Rbb7 35. Bd2 Rc8 36. Be3 Rcb8
37. Bd2 Rf8 38. Kg2 exf4 39. gxf4 h4 40. Bd3 Kh6 41. Rf1 Rbf7
42. Rab1 a4 43. Bb4 Ne8 44. Bd2 Ng7 1/2-1/2

[Event "Girls 18-wycc"]
[Site "Vung Tau city"]
[Date "2008.10.24"]
[EventDate "2008.10.20"]
[Round "6.6"]
[Result "1-0"]
[White "Irina Gevorgyan"]
[Black "Inna Agrest"]
[WhiteElo "2179"]
[BlackElo "2215"]
[PlyCount "101"]

1. Nf3 Nf6 2. d4 g6 3. c4 Bg7 4. g3 O-O 5. Bg2 d6 6. Nc3 Bd7
7. O-O Qc8 8. Re1 Bh3 9. Bh1 h6 10. e4 Bg4 11. Be3 Nc6 12. Qd2
Bxf3 13. Bxf3 Ng4 14. Bxg4 Qxg4 15. Kg2 Kh7 16. f3 Qd7 17. f4
f5 18. d5 Na5 19. b3 c5 20. Rad1 b6 21. Qd3 a6 22. Bd2 Qc7
23. exf5 gxf5 24. Re6 b5 25. Qe2 Rae8 26. cxb5 c4 27. b4 Nb7
28. Re1 Rf7 29. Qh5 Nd8 30. Qg6+ Kh8 31. Rxd6 Ref8 32. Rxa6
Qd7 33. Qb6 e6 34. d6 Kg8 35. Qc5 Nb7 36. Qc6 Qxc6+ 37. bxc6
Nxd6 38. Rxe6 Nc8 39. b5 Rd8 40. Be1 Bd4 41. Ne2 Bc5 42. Ba5
Rdf8 43. b6 Nd6 44. b7 Kh7 45. Ra8 Nxb7 46. cxb7 Rxb7 47. Rxf8
Bxf8 48. Bc3 Ra7 49. Kf3 Rxa2 50. Rf6 Bc5 51. Rxf5 1-0

[Event "Girls 18-wycc"]
[Site "Vung Tau city"]
[Date "2008.10.26"]
[EventDate "2008.10.20"]
[Round "7.9"]
[Result "1/2-1/2"]
[White "Inna Agrest"]
[Black "Thi Thu Hien Pham"]
[WhiteElo "2215"]
[BlackElo "2006"]
[PlyCount "137"]

1. e4 c5 2. Nf3 Nc6 3. d4 cxd4 4. Nxd4 Nf6 5. Nc3 d6 6. Bg5 e6
7. Qd2 a6 8. O-O-O Be7 9. f3 Qc7 10. Kb1 b5 11. g4 Bb7 12. h4
Rc8 13. Be3 Nd7 14. g5 Nce5 15. f4 Nc4 16. Bxc4 Qxc4 17. f5 e5
18. Nb3 Bxe4 19. Nxe4 Qxe4 20. f6 gxf6 21. gxf6 Nxf6 22. Bg5
Qc4 23. Rhe1 Rg8 24. Bxf6 Bxf6 25. Re3 Be7 26. Na5 Qc7 27. Rc3
Qd7 28. Rxc8+ Qxc8 29. Qd5 Rg6 30. h5 Rf6 31. Rg1 Kd7 32. Re1
h6 33. a4 Rf2 34. Qd3 Qc7 35. Nb3 bxa4 36. Nd2 Qa5 37. c3 Qb5
38. Qe3 Rf5 39. Qa7+ Ke6 40. Qe3 a3 41. b3 Bg5 42. c4 Qb4
43. Ne4 Rf3 44. Nxg5+ hxg5 45. Qxf3 Qxe1+ 46. Ka2 Qc1 47. Qd5+
Ke7 48. Qb7+ Kf6 49. Qf3+ Kg7 50. h6+ Kg6 51. Qd3+ Kxh6
52. Qxd6+ Kh5 53. Qxe5 Qf4 54. Qxf4 gxf4 55. c5 f3 56. c6 f2
57. c7 f1=Q 58. c8=Q f5 59. Qh8+ Kg4 60. Kxa3 f4 61. Qg8+ Kh3
62. Qe6+ Kg3 63. Qg6+ Kf2 64. Qb6+ Kg2 65. Qg6+ Kh2 66. Qh6+
Kg3 67. Qg6+ Kf3 68. Qc6+ Ke3 69. Qb6+ 1/2-1/2

[Event "Girls 18-wycc"]
[Site "Vung Tau city"]
[Date "2008.10.27"]
[EventDate "2008.10.20"]
[Round "8.7"]
[Result "0-1"]
[White "Zrinka Deur Saric"]
[Black "Inna Agrest"]
[WhiteElo "2003"]
[BlackElo "2215"]
[PlyCount "46"]

1. e4 e5 2. Nf3 Nc6 3. Bb5 a6 4. Ba4 Nf6 5. O-O Be7 6. Re1 b5
7. Bb3 d6 8. c3 O-O 9. h3 Na5 10. Bc2 d5 11. d4 dxe4 12. dxe5
exf3 13. exf6 Bxf6 14. Qxf3 Bb7 15. Qg4 Nc4 16. a4 Ne5 17. Qg3
Re8 18. Rd1 Qe7 19. Bf4 Bh4 20. Qe3 Qf6 21. Bxe5 Rxe5 22. Qd2
Rae8 23. Bd3 Re2 0-1

[Event "Girls 18-wycc"]
[Site "Vung Tau city"]
[Date "2008.10.28"]
[EventDate "2008.10.20"]
[Round "9.7"]
[Result "0-1"]
[White "Inna Agrest"]
[Black "Aysel Bakhtiyarli"]
[WhiteElo "2215"]
[BlackElo "1988"]
[PlyCount "73"]

1. e4 c5 2. Nf3 d6 3. d4 cxd4 4. Nxd4 e6 5. Nc3 a6 6. Be3 Nf6
7. a4 b6 8. Bd3 Be7 9. O-O Bb7 10. f4 Nbd7 11. Nb3 O-O 12. Qf3
Qc7 13. Qh3 e5 14. Kh1 exf4 15. Rxf4 Ne5 16. Nd4 g6 17. Be2 d5
18. Qg3 Nxe4 19. Nxe4 dxe4 20. Nf5 Kh8 21. Nxe7 Qxe7 22. Bd4
f6 23. Raf1 Rae8 24. Rh4 Kg7 25. Rf5 Qd7 26. Rfh5 Rh8 27. Rxe5
fxe5 28. Bxe5+ Kg8 29. Bxh8 Kxh8 30. Qxg6 Rf8 31. h3 e3
32. Bd3 Rf7 33. Qg3 Qe7 34. Qg4 Rf2 35. Qd1 Bxg2+ 36. Kh2 Qc7+
37. Rf4 0-1

[Event "Girls 18-wycc"]
[Site "Vung Tau city"]
[Date "2008.10.29"]
[EventDate "2008.10.20"]
[Round "10.8"]
[Result "1-0"]
[White "Inna Agrest"]
[Black "Dieu Hoa Ngo"]
[WhiteElo "2215"]
[BlackElo "2007"]
[PlyCount "171"]

1. e4 e5 2. Nf3 Nf6 3. Nxe5 d6 4. Nf3 Nxe4 5. Nc3 Nxc3 6. dxc3
Be7 7. Be3 Nc6 8. Qd2 Be6 9. O-O-O Qd7 10. Kb1 a6 11. Ng5 Bxg5
12. Bxg5 f6 13. Be3 O-O-O 14. h3 h5 15. Be2 Qf7 16. b3 h4
17. Rhe1 Rhe8 18. f4 Bf5 19. Bf2 d5 20. Bxh4 d4 21. g4 Be4
22. Bc4 Qf8 23. Bd3 Qa3 24. Qc1 Qxc1+ 25. Kxc1 Bf3 26. Rxe8
Rxe8 27. Re1 Rh8 28. Bf2 dxc3 29. Re3 Nd4 30. Be1 Rxh3
31. Bxc3 Nb5 32. Bf5+ Kb8 33. Bb4 Ka7 34. Re7 Kb6 35. Rxg7 Nd4
36. Bd3 Ne2+ 37. Bxe2 Bxe2 38. Rg6 Kb5 39. Bd2 c6 40. g5 fxg5
41. fxg5 Rg3 42. Rg7 b6 43. Re7 Bh5 44. a4+ Kc5 45. Be3+ Kd5
46. Bxb6 Rxg5 47. Ra7 Be2 48. Ra8 Rg2 49. Rd8+ Ke6 50. Re8+
Kd7 51. Rd8+ Ke7 52. Ra8 Bf3 53. Rxa6 Be4 54. Bc5+ Ke6 55. c4
Rc2+ 56. Kd1 Rc3 57. Rb6 Rd3+ 58. Ke2 Rd8 59. a5 Ra8 60. b4
Bg2 61. Rb7 Bh3 62. Re7+ Kf6 63. Rh7 Be6 64. Rh6+ Ke5 65. Kd3
Rd8+ 66. Kc3 Ra8 67. Bd4+ Kd6 68. Bc5+ Ke5 69. Rh7 Ke4
70. Rh4+ Ke5 71. Rh1 Bc8 72. Re1+ Kf6 73. Rf1+ Ke6 74. Rd1 Kf7
75. Rd6 Ra6 76. Bb6 c5 77. Bxc5 Rxd6 78. Bxd6 Ke6 79. Bg3 Kd7
80. Kd4 Kc6 81. b5+ Kb7 82. Kd5 Bd7 83. Kd6 Be8 84. a6+ Ka8
85. Kc7 Bf7 86. b6 1-0

[Event "Girls 18-wycc"]
[Site "Vung Tau city"]
[Date "2008.10.30"]
[EventDate "2008.10.20"]
[Round "11.7"]
[Result "0-1"]
[White "Katrina Skinke"]
[Black "Inna Agrest"]
[WhiteElo "2186"]
[BlackElo "2215"]
[PlyCount "56"]

1. e4 e5 2. Nf3 Nc6 3. Bc4 Nf6 4. d3 h6 5. O-O d6 6. Bb3 g6
7. Nc3 Bg7 8. h3 O-O 9. Be3 Nh7 10. Nh2 Nd4 11. Bc4 c6 12. a4
Kh8 13. f4 f5 14. fxe5 dxe5 15. exf5 gxf5 16. Ne2 Ne6 17. Nf3
f4 18. Bf2 Neg5 19. Nc3 Nxf3+ 20. Qxf3 Ng5 21. Qh5 Rf5 22. Qh4
Qe8 23. Be1 Qg6 24. Kh1 Bf6 25. g4 fxg3 26. Bxg3 Nh7 27. Bxe5
Rxe5 28. Ne4 Bxh4 0-1

[Event "Women's Olympiad"]
[Site "Dresden GER"]
[Date "2008.11.17"]
[EventDate "2008.11.13"]
[Round "5"]
[Result "1/2-1/2"]
[White "Fiona Steil-Antoni"]
[Black "Inna Agrest"]
[WhiteElo "2166"]
[BlackElo "2215"]
[PlyCount "147"]

1. e4 e5 2. Bc4 Nc6 3. d3 d6 4. Nf3 Na5 5. O-O Nxc4 6. dxc4
Nf6 7. Re1 Be7 8. Qd3 O-O 9. Nc3 c6 10. b3 Nh5 11. c5 dxc5
12. Qe2 Qc7 13. g3 Kh8 14. Bb2 Nf6 15. Nd1 Bd6 16. Ne3 b5
17. Nf5 Re8 18. Rad1 Bf8 19. Rd2 g6 20. N5h4 Bg7 21. Red1 Nd7
22. Ng5 Nf8 23. Nhf3 f6 24. Rd8 Bg4 25. Rxa8 Rxa8 26. h3 Bc8
27. Rd8 Kg8 28. Ne6 Qe7 29. Rxf8+ Bxf8 30. Nxf8 Qxf8 31. g4
Be6 32. Kg2 h6 33. Kg3 Rd8 34. h4 h5 35. g5 Bg4 36. Qe3 Re8
37. gxf6 Qxf6 38. Ng5 Qf8 39. f3 Bc8 40. f4 exf4+ 41. Qxf4
Qxf4+ 42. Kxf4 Rf8+ 43. Ke3 Rf1 44. Nf3 Rh1 45. Bf6 Kf7
46. Bg5 Ke6 47. Bd8 Ra1 48. Kf4 Rxa2 49. Kg5 a5 50. Kxg6 a4
51. bxa4 bxa4 52. Kxh5 Rxc2 53. Kg6 a3 54. h5 a2 55. Bf6 Rc1
56. h6 a1=Q 57. Ng5+ Kd7 58. h7 Qxf6+ 59. Kxf6 Rh1 60. e5 Rh6+
61. Kf7 Kd8 62. e6 Bxe6+ 63. Nxe6+ Kc8 64. Kg7 Rxh7+ 65. Kxh7
c4 66. Kg6 Kd7 67. Kf5 Kd6 68. Nd4 Kd5 69. Nc2 c3 70. Kf4 Kc4
71. Ke3 c5 72. Ke2 Kb3 73. Kd1 Kb2 74. Ne3 1/2-1/2

[Event "Women's Olympiad"]
[Site "Dresden GER"]
[Date "2008.11.20"]
[EventDate "2008.11.13"]
[Round "7"]
[Result "1-0"]
[White "Inna Agrest"]
[Black "Olga Vasiliev"]
[WhiteElo "2215"]
[BlackElo "2235"]
[PlyCount "161"]

1. e4 d5 2. exd5 Nf6 3. d4 Bg4 4. f3 Bf5 5. Bb5+ Nbd7 6. c4 e6
7. dxe6 Bxe6 8. d5 Bf5 9. Nc3 Bb4 10. Qe2+ Kf8 11. Be3 a6
12. Bxd7 Qxd7 13. g4 Bxg4 14. fxg4 Nxg4 15. O-O-O Re8 16. Rd3
Ne5 17. Rd4 Qf5 18. Qc2 Qh5 19. Re4 Bxc3 20. bxc3 Qf5 21. Kb1
Qf1+ 22. Bc1 Nxc4 23. Rxe8+ Kxe8 24. Qe2+ Qxe2 25. Nxe2 Nb6
26. Rd1 Kd7 27. Bf4 Re8 28. Ng3 g6 29. Nf1 Re2 30. Ng3 Re8
31. Kc2 Nc4 32. Rd4 b5 33. Ne4 Kd8 34. d6 cxd6 35. Nxd6 Nxd6
36. Rxd6+ Kc8 37. Rxa6 Re2+ 38. Kb3 g5 39. Bxg5 Rxh2 40. Rb6
h5 41. Rxb5 h4 42. Rf5 h3 43. Rxf7 Rh1 44. Rh7 h2 45. Kc4 Rg1
46. Rxh2 Rxg5 47. a4 Kb7 48. Rh6 Rg4+ 49. Kb5 Rg5+ 50. Kb4 Rg1
51. a5 Rb1+ 52. Kc5 Ra1 53. a6+ Ka7 54. Rc6 Rb1 55. c4 Rc1
56. Kd6 Rd1+ 57. Kc7 Rd4 58. c5 Rd5 59. Kc8 Rh5 60. Kd7 Rd5+
61. Ke6 Rh5 62. Kd6 Rg5 63. Rb6 Rg6+ 64. Kc7 Rg5 65. Kc6 Rg1
66. Kb5 Rb1+ 67. Kc6 Rg1 68. Rb3 Rg6+ 69. Kc7 Rg7+ 70. Kc6
Rg6+ 71. Kd5 Rg5+ 72. Kc4 Rg1 73. Kb5 Rc1 74. c6 Rc2 75. Rb4
Kb8 76. Kb6 Ka8 77. c7 Rc3 78. Rb5 Rc1 79. Rc5 Rb1+ 80. Kc6
Rb6+ 81. Kd7 1-0

[Event "Women's Olympiad"]
[Site "Dresden GER"]
[Date "2008.11.21"]
[EventDate "2008.11.13"]
[Round "8"]
[Result "1-0"]
[White "Inna Agrest"]
[Black "Katrine Tjolsen"]
[WhiteElo "2215"]
[BlackElo "2110"]
[PlyCount "75"]

1. e4 c5 2. Nf3 Nc6 3. d4 cxd4 4. Nxd4 Nf6 5. Nc3 e5 6. Ndb5
d6 7. Bg5 a6 8. Na3 b5 9. Bxf6 gxf6 10. Nd5 Bg7 11. Bd3 Ne7
12. Nxe7 Qxe7 13. O-O O-O 14. c4 f5 15. Qf3 Qb7 16. exf5 Qxf3
17. gxf3 e4 18. Bxe4 d5 19. Bxd5 Bxf5 20. Bxa8 Rxa8 21. Rae1
b4 22. Nb1 Bd3 23. b3 a5 24. Re3 Bxf1 25. Kxf1 a4 26. Nd2 axb3
27. axb3 Kf8 28. Ne4 Ra1+ 29. Kg2 Rb1 30. f4 Rb2 31. f5 Be5
32. f6 h6 33. Nc5 Bd6 34. Rd3 Bc7 35. Rd7 Bb6 36. Rb7 Bd8
37. Rb8 Ke8 38. Nb7 1-0

[Event "Rilton Cup"]
[Site "Stockholm SWE"]
[Date "2009.12.27"]
[EventDate "2009.12.27"]
[Round "1"]
[Result "0-1"]
[White "Inna Agrest"]
[Black "Alexei Gavrilov"]
[WhiteElo "2180"]
[BlackElo "2481"]
[PlyCount "94"]

1. e4 e5 2. Nf3 Nc6 3. Bb5 a6 4. Ba4 Nf6 5. O-O Be7 6. Re1 b5
7. Bb3 d6 8. c3 O-O 9. h3 a5 10. d3 a4 11. Bc2 Be6 12. Nbd2
Re8 13. Nf1 d5 14. Ng5 Bc8 15. exd5 Qxd5 16. Ne3 Qc5 17. Ne4
Nxe4 18. dxe4 a3 19. Nf5 axb2 20. Bxb2 Rd8 21. Qe2 Bg5
22. Red1 Be6 23. Bb3 Bxb3 24. axb3 Rxa1 25. Bxa1 g6 26. Ng3
Rxd1+ 27. Qxd1 Qa3 28. c4 bxc4 29. bxc4 Qa2 30. c5 Be7 31. Qc1
Qa7 32. Kh2 Qxc5 33. Qd2 Qd6 34. Qe2 Bg5 35. Nf1 Nb4 36. Qg4
Bf4+ 37. g3 Bh6 38. Qc8+ Bf8 39. Ne3 Nd3 40. Kg2 h5 41. Qe8
Qf6 42. f4 Qa6 43. Bc3 Qa2+ 44. Kh1 Nf2+ 45. Kg1 Nxh3+ 46. Kh1
Qb1+ 47. Kg2 Qg1+ 0-1

[Event "Rilton Cup"]
[Site "Stockholm SWE"]
[Date "2009.12.28"]
[EventDate "2009.12.27"]
[Round "2"]
[Result "0-1"]
[White "Torbjorn Glimbrant"]
[Black "Inna Agrest"]
[WhiteElo "2263"]
[BlackElo "2180"]
[PlyCount "76"]

1. e4 e5 2. Nf3 Nc6 3. Bb5 a6 4. Ba4 Nf6 5. O-O b5 6. Bb3 Bc5
7. c3 d6 8. d4 Bb6 9. a4 Rb8 10. axb5 axb5 11. Qd3 O-O 12. Bg5
h6 13. Bh4 Bg4 14. Nbd2 Qe7 15. Rfe1 Nd8 16. Qxb5 Ne6 17. Bxe6
Qxe6 18. Qd3 Nh5 19. Bg3 f5 20. exf5 Bxf5 21. Qc4 d5 22. Qe2
Nxg3 23. hxg3 e4 24. Ne5 c5 25. Ra6 Qe8 26. Nb3 cxd4 27. cxd4
Bc7 28. Qe3 Bxe5 29. dxe5 Qxe5 30. Ra2 Rb4 31. Rd1 Bg4 32. Rd2
Rc8 33. f4 Qh5 34. Ra5 Be6 35. Nc5 Rc4 36. Nxe6 Rc1+ 37. Kf2
Qh1 38. g4 Qg1+ 0-1

[Event "Rilton Cup"]
[Site "Stockholm SWE"]
[Date "2009.12.30"]
[EventDate "2009.12.27"]
[Round "4"]
[Result "0-1"]
[White "Iulia Gromova"]
[Black "Inna Agrest"]
[WhiteElo "2222"]
[BlackElo "2180"]
[PlyCount "72"]

1. d4 Nf6 2. c4 g6 3. Nc3 Bg7 4. e4 d6 5. f3 O-O 6. Nge2 Nbd7
7. Bg5 a6 8. Qd2 Re8 9. Nc1 c5 10. d5 Ne5 11. Be2 Rb8 12. a4
Qa5 13. f4 Ned7 14. Ra3 e6 15. e5 dxe5 16. fxe5 Nxe5 17. O-O
Nfd7 18. Qe3 Nxc4 19. Qf4 Nce5 20. dxe6 fxe6 21. Ne4 Rf8
22. Qh4 Rxf1+ 23. Bxf1 Nf7 24. Rh3 Nf8 25. Nf6+ Bxf6 26. Bxf6
e5 27. Rc3 Be6 28. h3 Qb4 29. Bc4 Qxb2 30. Qg3 Bxc4 31. Rxc4
Nd7 32. Bh4 Nd6 33. Qg4 Nxc4 34. Qxc4+ Kh8 35. Ne2 Qb4 36. Qe6
Qxh4 0-1

[Event "Rilton Cup"]
[Site "Stockholm SWE"]
[Date "2009.12.31"]
[EventDate "2009.12.27"]
[Round "5"]
[Result "1-0"]
[White "Eduard Gorovykh"]
[Black "Inna Agrest"]
[WhiteElo "2410"]
[BlackElo "2180"]
[PlyCount "115"]

1. e4 e5 2. Nf3 Nc6 3. d4 exd4 4. Nxd4 Bc5 5. Nxc6 Qf6 6. Qd2
dxc6 7. Nc3 Be6 8. Na4 Be7 9. Qe3 b6 10. Bd3 Rd8 11. O-O Qd4
12. Qxd4 Rxd4 13. Nc3 Nf6 14. Be3 Rd8 15. h3 Nd7 16. f4 Nc5
17. Be2 f6 18. Rad1 O-O 19. g4 a5 20. Kg2 b5 21. Bf3 Bc4
22. Rfe1 b4 23. Rxd8 Rxd8 24. Ne2 Ne6 25. b3 Bb5 26. Kf2 c5
27. c4 Be8 28. a4 Nd4 29. Nxd4 cxd4 30. Bd2 Bc5 31. e5 c6
32. f5 d3+ 33. Kf1 Bd4 34. e6 g5 35. Rd1 Kf8 36. Be4 c5
37. Be1 Ke7 38. Bg3 Bc3 39. Rxd3 Rxd3 40. Bxd3 Bc6 41. Bc7 Bf3
42. Bc2 Bd4 43. Bxa5 h5 44. gxh5 Bxh5 45. Bc7 Bf3 46. a5 Bb7
47. Bd3 Be3 48. Bg3 Bc6 49. Bf2 Bxf2 50. Kxf2 Kd6 51. Ke3 Kc7
52. Be4 Be8 53. Bf3 Kb8 54. a6 Ka7 55. Bb7 Kb6 56. Bc8 Bh5
57. Ke4 Ka7 58. Kd5 1-0

[Event "Rilton Cup"]
[Site "Stockholm SWE"]
[Date "2010.01.02"]
[EventDate "2009.12.27"]
[Round "6"]
[Result "1/2-1/2"]
[White "Inna Agrest"]
[Black "Kent Angskog"]
[WhiteElo "2180"]
[BlackElo "2229"]
[PlyCount "84"]

1. e4 g6 2. d4 Bg7 3. Nc3 d6 4. Be3 c6 5. h4 h5 6. Qd2 b5
7. Nh3 Qa5 8. Ng5 Nh6 9. f3 Nd7 10. Bd3 e5 11. b4 Qxb4 12. d5
a6 13. dxc6 Nc5 14. Be2 O-O 15. O-O f6 16. Nh3 Nf7 17. Nf2 Be6
18. Qe1 Rfc8 19. Bd2 Bh6 20. Bxh6 Nxh6 21. Nd5 Qxe1 22. Rfxe1
Ra7 23. Nxf6+ Kg7 24. Nd5 Rxc6 25. Red1 Nf7 26. g4 hxg4
27. fxg4 Na4 28. g5 Rxc2 29. Bg4 Bxg4 30. Nxg4 Nc3 31. Nxc3
Rxc3 32. Nf6 Ra8 33. Rac1 Rac8 34. Rxc3 Rxc3 35. Ne8+ Kg8
36. Nxd6 Ra3 37. Nxf7 Kxf7 38. Rd7+ Kg8 39. Rd6 Kg7 40. Rd7+
Kg8 41. Rd6 Kg7 42. Rd7+ Kg8 1/2-1/2